MARC

LEADER 00000nbm0a2200000 4500
001 87550
005 20231031102244.0
035 |a (RuTPU)RU\TPU\book\93984 
090 |a 87550 
100 |a 20051211d1974 k y0rusy50 ca 
101 0 |a rus 
102 |a RU 
105 |a a m 001zy 
200 1 |a Автоматизированное проектирование электропередач  |e диссертация на соискание ученой степени доктора технических наук  |e Спец.05.14.06  |f Р. В. Шнелль  |g Московский энергетический институт 
210 |a Новосибирск  |c [Б. и.]  |d 1974 
215 |a 354 л.  |c ил. 
320 |a Библиогр.: с. 293-308 (122 назв.) 
610 1 |a диссертации 
610 1 |a автоматизированное проектирование 
610 1 |a электропередачи 
610 1 |a автоматизированные системы 
610 1 |a операторы 
610 1 |a ЭВМ 
610 1 |a проектные задачи 
610 1 |a экспертные оценки 
610 1 |a квалиметрический анализ 
610 1 |a информация 
610 1 |a игры 
610 1 |a системы управления 
610 1 |a кодирование информации 
610 1 |a высоковольтные сети 
610 1 |a электрические нагрузки 
610 1 |a подстанции 
610 1 |a опоры 
610 1 |a провода 
610 1 |a тросы 
610 1 |a фундаменты 
610 1 |a заземляющие устройства 
610 1 |a релейная защита 
610 1 |a программное обеспечение 
675 |a 621.311.001(048)  |v 3 
686 |a 05.14.06  |2 oksvnk 
700 1 |a Шнелль  |b Р. В. 
712 0 2 |a Московский энергетический институт (МЭИ)  |c (1930-1992)  |2 stltpush  |3 (RuTPU)RU\TPU\col\20092 
801 1 |a RU  |b 63413507  |c 20051211  |g PSBO 
801 2 |a RU  |b 63413507  |c 20141203  |g PSBO 
942 |c BK